[Event "Mecklenburg VP-ch MT"]
[Site "Greifswald"]
[Date "2015.05.03"]
[Round "7.1"]
[White "Weber, Max"]
[Black "Knuth, Hannes"]
[Result "0-1"]
[WhiteElo "2159"]
[BlackElo "2307"]
[PlyCount "86"]
[EventDate "2015.04.30"]
[EventType "swiss"]
[EventRounds "7"]
[EventCountry "GER"]
[SourceTitle "EXT 2023"]
[Source "ChessBase"]
[SourceDate "2022.10.05"]
[SourceVersion "1"]
[SourceVersionDate "2022.10.05"]
[SourceQuality "1"]

1. d4 Nf6 2. c4 e6 3. Nf3 Bb4+ 4. Nbd2 d5 5. a3 Be7 6. g3 b6 7. Bg2 Bb7 8. 0-0 0-0 9. b4 dxc4 10. Nxc4 Bd5 11. Qc2 Be4 12. Qb3 Nc6 13. Bb2 Bd5 14. Qc2 a5 15. bxa5 Be4 16. Qc1 Nxa5 17. Nxa5 Rxa5 18. Ne5 Bxg2 19. Kxg2 Bd6 20. Nc6 Qa8 21. f3 Rb5 22. e4 Nd7 23. Rf2 Rc8 24. Rc2 Qa4 25. Rb1 Ra8 26. Rc4 Qb3 27. Rc3 Qa2 28. Nb4 Bxb4 29. axb4 Rxb4 30. Rxc7 Nf8 31. Kg1 Qb3 32. Rc3 Qa2 33. Ra1 Rxb2 34. Rxa2 Raxa2 35. Qf1 Rxh2 36. Ra3 Rab2 37. Rb3 Ra2 38. Rxb6 Rhd2 39. Rb4 h5 40. Rc4 h4 41. gxh4 Ng6 42. Rc1 Nf4 43. Qc4 Rg2+ 0-1

[Event "Oberliga Nord N 1415"]
[Site "Germany"]
[Date "2015.02.01"]
[Round "6.1"]
[White "Knuth, Hannes"]
[Black "Sawatzki, Frank"]
[Result "0-1"]
[WhiteElo "2331"]
[BlackElo "2330"]
[PlyCount "74"]
[EventDate "2014.09.21"]
[EventType "team-tourn"]
[EventRounds "9"]
[EventCountry "GER"]
[SourceTitle "EXT 2016"]
[Source "ChessBase"]
[SourceDate "2015.10.08"]
[SourceVersion "1"]
[SourceVersionDate "2015.10.08"]
[SourceQuality "1"]
[WhiteTeam "Schwerin II"]
[BlackTeam "Hamburg SF"]
[WhiteTeamCountry "GER"]
[BlackTeamCountry "GER"]

1. d4 Nf6 2. c4 e6 3. Nc3 Bb4 4. Qb3 c5 5. a3 Bxc3+ 6. Qxc3 cxd4 7. Qxd4 Nc6 8. Qc3 d5 9. e3 d4 10. Qc2 e5 11. Bd3 0-0 12. e4 a5 13. b3 Nd7 14. Nf3 Nc5 15. 0-0 Bg4 16. Nd2 Ra6 17. f3 Bd7 18. Rb1 Ne7 19. Rd1 Rg6 20. Nf1 f5 21. Ng3 f4 22. Nh1 Ra6 23. Qe2 Ng6 24. b4 axb4 25. axb4 Nxd3 26. Rxd3 b5 27. Rd2 Nh4 28. cxb5 Rg6 29. Qc4+ Kh8 30. Rf2 Qb8 31. b6 Rc8 32. Qd5 Bh3 33. g3 Rf8 34. Rb3 Rxb6 35. gxh4 Rg6+ 36. Ng3 fxg3 37. hxg3 Be6 0-1

[Event "Oberliga Nord N 1314"]
[Site "Germany"]
[Date "2014.01.12"]
[Round "8.3"]
[White "Pedersen, Nicolai Vesterbaek"]
[Black "Knuth, Hannes"]
[Result "1-0"]
[WhiteElo "2397"]
[BlackElo "2341"]
[PlyCount "131"]
[EventDate "2013.10.13"]
[EventType "team-tourn"]
[EventRounds "9"]
[EventCountry "GER"]
[SourceTitle "EXT 2015"]
[Source "ChessBase"]
[SourceDate "2014.11.20"]
[SourceVersion "1"]
[SourceVersionDate "2014.11.20"]
[SourceQuality "1"]
[WhiteTeam "Preetz"]
[BlackTeam "Schwerin"]
[WhiteTeamCountry "GER"]
[BlackTeamCountry "GER"]

1. d4 Nf6 2. Nf3 e6 3. e3 b6 4. Bd3 Bb7 5. 0-0 Be7 6. b3 0-0 7. Bb2 Ne4 8. c4 f5 9. Nfd2 Bf6 10. Bxe4 fxe4 11. Qg4 Qe8 12. Nxe4 Nc6 13. Ng3 g6 14. h4 Bg7 15. h5 Ne7 16. Nd2 Nf5 17. hxg6 Qxg6 18. Qxg6 hxg6 19. Nxf5 gxf5 20. f3 d6 21. Kf2 Rad8 22. Rab1 c5 23. dxc5 dxc5 24. Ke2 Bxb2 25. Rxb2 Rd7 26. Nb1 Rg7 27. Kf2 Rd8 28. Rd2 Rxd2+ 29. Nxd2 Rd7 30. Ke2 Rg7 31. Rg1 Kf7 32. Nb1 Kf6 33. Nc3 Bc6 34. Kf2 Rh7 35. Rd1 Ke7 36. a4 Rh8 37. Nb5 a6 38. Nc3 Rb8 39. Ra1 Kd6 40. Nb1 b5 41. axb5 axb5 42. Nd2 bxc4 43. Nxc4+ Kc7 44. Ra7+ Kd8 45. Ne5 Bd5 46. e4 fxe4 47. fxe4 Bb7 48. g4 Kc7 49. Nc4 Rf8+ 50. Ke3 Kb8 51. Ra5 Rf1 52. Nd6 Bc6 53. Rxc5 Bd7 54. g5 Rg1 55. b4 Rg3+ 56. Kf4 Rg1 57. b5 e5+ 58. Rxe5 Kc7 59. Nc4 Rc1 60. Rc5+ Kd8 61. b6 Rb1 62. g6 Be6 63. Rc6 Ke7 64. Ne5 Kf6 65. Nd7+ Ke7 66. Nc5 1-0

[Event "Oberliga Nord N 1314"]
[Site "Germany"]
[Date "2013.11.24"]
[Round "3.2"]
[White "Knuth, Hannes"]
[Black "Junge, Ralf"]
[Result "1-0"]
[WhiteElo "2341"]
[BlackElo "2305"]
[PlyCount "75"]
[EventDate "2013.10.13"]
[EventType "team-tourn"]
[EventRounds "9"]
[EventCountry "GER"]
[SourceTitle "EXT 2015"]
[Source "ChessBase"]
[SourceDate "2014.11.20"]
[SourceVersion "1"]
[SourceVersionDate "2014.11.20"]
[SourceQuality "1"]
[WhiteTeam "Schwerin"]
[BlackTeam "Kiel Turm"]
[WhiteTeamCountry "GER"]
[BlackTeamCountry "GER"]

1. d4 Nf6 2. c4 c5 3. d5 e6 4. Nc3 exd5 5. cxd5 d6 6. Nf3 g6 7. Bf4 a6 8. e3 Bg7 9. Qa4+ Bd7 10. Qb3 Bc8 11. Be2 0-0 12. 0-0 b5 13. Nd2 Re8 14. Bf3 Bg4 15. Bxg4 Nxg4 16. a4 b4 17. Nce4 Be5 18. f3 Bxf4 19. exf4 Nh6 20. Rfe1 Nd7 21. Nxd6 Rxe1+ 22. Rxe1 Qf6 23. N2e4 Qxf4 24. Nc4 Nf5 25. Qd3 Nd4 26. Rd1 Re8 27. Qd2 Qh4 28. Qf2 Qh5 29. Nb6 Rxe4 30. Nxd7 Rf4 31. Qe3 Kg7 32. Qe7 Kh6 33. Qf8+ Kg5 34. Qe7+ f6 35. Ne5 Ne2+ 36. Kf2 Qxh2 37. Nf7+ Kh4 38. Qxe2 1-0

[Event "Mecklenburg VP-ch MT"]
[Site "Rostock"]
[Date "2013.05.09"]
[Round "1.1"]
[White "Knuth, Hannes"]
[Black "Helms, Sven"]
[Result "1-0"]
[WhiteElo "2329"]
[BlackElo "2042"]
[PlyCount "99"]
[EventDate "2013.05.09"]
[EventType "swiss"]
[EventRounds "7"]
[EventCountry "GER"]
[SourceTitle "EXT 2023"]
[Source "ChessBase"]
[SourceDate "2022.10.05"]
[SourceVersion "1"]
[SourceVersionDate "2022.10.05"]
[SourceQuality "1"]

1. d4 e6 2. c4 Nf6 3. Nc3 Bb4 4. e3 0-0 5. Nge2 d5 6. cxd5 exd5 7. Ng3 Ne4 8. Ngxe4 dxe4 9. Qc2 Bf5 10. Bd2 Bxc3 11. Bxc3 Nd7 12. g4 Bxg4 13. Qxe4 Nf6 14. Qg2 Bf5 15. Rg1 Bg6 16. Be2 Nd5 17. Bd2 c6 18. Rd1 Qf6 19. e4 Nf4 20. Qf3 Nxe2 21. Qxf6 gxf6 22. Kxe2 Kh8 23. Bc3 Rfe8 24. f3 Rad8 25. Kf2 Re6 26. Rg4 Rd7 27. Rd2 h5 28. Rf4 Kh7 29. d5 cxd5 30. Bxf6 Red6 31. Be5 Re6 32. Bc3 Red6 33. Bb4 Rc6 34. Rxd5 Rxd5 35. exd5 Rc7 36. Ke3 Rd7 37. Kd4 Bb1 38. a4 Ba2 39. d6 Kg6 40. Ke5 Bb3 41. Be1 Kg7 42. Bh4 Be6 43. Bf6+ Kh7 44. Rd4 Kg6 45. Rd1 Bb3 46. Rg1+ Kh6 47. Rg8 Bc2 48. f4 h4 49. f5 Kh5 50. Kf4 1-0

[Event "Guben op 16th"]
[Site "Guben"]
[Date "2013.01.04"]
[Round "5"]
[White "Sobeck, Guenter"]
[Black "Knuth, Hannes"]
[Result "0-1"]
[WhiteElo "2080"]
[BlackElo "2357"]
[PlyCount "54"]
[EventDate "2013.01.02"]
[EventType "swiss"]
[EventRounds "7"]
[EventCountry "GER"]
[SourceTitle "EXT 2014"]
[Source "ChessBase"]
[SourceDate "2013.11.20"]
[SourceVersion "1"]
[SourceVersionDate "2013.11.20"]
[SourceQuality "1"]

1. b3 e5 2. Bb2 Nc6 3. Nf3 e4 4. Nd4 Nf6 5. c4 Bc5 6. e3 0-0 7. Nxc6 bxc6 8. Nc3 d5 9. d4 Be7 10. Qc2 a5 11. Be2 Bb4 12. 0-0 Ng4 13. cxd5 cxd5 14. Nb5 Ba6 15. a3 Be7 16. a4 f5 17. Rfc1 Bxb5 18. axb5 Bd6 19. Bxg4 fxg4 20. Ba3 Qh4 21. Bxd6 cxd6 22. Ra2 Rf5 23. Qc6 Raf8 24. Rcc2 Qh6 25. Rxa5 g3 26. hxg3 Rh5 27. Kf1 Qxe3 0-1

[Event "BL2-Nord 1112"]
[Site "Germany"]
[Date "2012.02.26"]
[Round "7.4"]
[White "Horn, Sven"]
[Black "Knuth, Hannes"]
[Result "0-1"]
[WhiteElo "2129"]
[BlackElo "2333"]
[PlyCount "92"]
[EventDate "2011.10.02"]
[EventType "team-tourn"]
[EventRounds "9"]
[EventCountry "GER"]
[SourceTitle "EXT 2015"]
[Source "ChessBase"]
[SourceDate "2014.11.20"]
[SourceVersion "1"]
[SourceVersionDate "2014.11.20"]
[SourceQuality "1"]
[WhiteTeam "Oberschoeneweide"]
[BlackTeam "Neukloster"]
[WhiteTeamCountry "GER"]
[BlackTeamCountry "GER"]

1. e4 c5 2. Nf3 Nc6 3. d4 cxd4 4. Nxd4 e5 5. Nb3 Nf6 6. Bg5 h6 7. Bxf6 Qxf6 8. a3 Qg6 9. Nc3 Be7 10. g3 h5 11. h4 d6 12. Bd3 Bg4 13. Qd2 Bd8 14. Be2 Be6 15. Nb5 0-0 16. Nxd6 Bxb3 17. cxb3 Nd4 18. Nf5 Nxb3 19. Qxd8 Rfxd8 20. Ne7+ Kh7 21. Nxg6 Nxa1 22. Nxe5 Nc2+ 23. Kf1 f6 24. Nd3 g6 25. Nf4 Rd2 26. g4 hxg4 27. Bxg4 Re8 28. h5 g5 29. Nd5 Rf8 30. Ne7 Nd4 31. b4 Rf7 32. Nc8 Rc7 33. Nd6 Rc1+ 34. Kg2 Rxh1 35. Kxh1 Rxf2 36. Nxb7 Rf4 37. Bd7 Rxe4 38. Nd6 Re2 39. Bg4 Ra2 40. Ne4 f5 41. Nxg5+ Kh6 42. Nf3 Ne2 43. Bh3 Kxh5 44. b5 Rxa3 45. Bg2 Nf4 46. Nh2 Kh4 0-1

[Event "BL2-Nord 1011"]
[Site "Germany"]
[Date "2010.12.12"]
[Round "4.5"]
[White "Krause, Ullrich"]
[Black "Knuth, Hannes"]
[Result "1-0"]
[WhiteElo "2308"]
[BlackElo "2282"]
[PlyCount "94"]
[EventDate "2010.10.10"]
[EventType "team-tourn"]
[EventRounds "9"]
[EventCountry "GER"]
[SourceTitle "EXT 2012"]
[Source "ChessBase"]
[SourceDate "2011.11.24"]
[SourceVersion "1"]
[SourceVersionDate "2011.11.24"]
[SourceQuality "1"]
[WhiteTeam "Luebeck"]
[BlackTeam "Neukloster"]
[WhiteTeamCountry "GER"]
[BlackTeamCountry "GER"]

1. d4 Nf6 2. c4 e6 3. g3 d5 4. Bg2 Bb4+ 5. Bd2 Bxd2+ 6. Qxd2 b6 7. Nc3 Bb7 8. cxd5 exd5 9. Qe3+ Qe7 10. Qxe7+ Kxe7 11. Nh3 Rd8 12. Nf4 c6 13. 0-0 Bc8 14. b4 g5 15. Nd3 Bf5 16. Ne5 a6 17. a4 Nfd7 18. e4 dxe4 19. Nxe4 Nxe5 20. dxe5 Bxe4 21. Bxe4 Rd4 22. Bxh7 Rxb4 23. f4 gxf4 24. Rxf4 Rxf4 25. gxf4 Nd7 26. a5 b5 27. Rc1 c5 28. Bf5 c4 29. Kf2 Nc5 30. Ke3 Rd8 31. h4 Nb3 32. Rh1 b4 33. h5 Nd4 34. Be4 b3 35. Rc1 f5 36. exf6+ Kxf6 37. Rxc4 Ne6 38. Rb4 Nc5 39. Rb6+ Ke7 40. f5 Kf7 41. Bf3 Rd3+ 42. Kf4 Nd7 43. Rxb3 Rxb3 44. Bd5+ Kf6 45. Bxb3 Ne5 46. Be6 Nc6 47. h6 Nxa5 1-0

[Event "Mecklenburg VP-ch"]
[Site "Nakenstorf"]
[Date "2010.04.05"]
[Round "9.1"]
[White "Dettmann, Gerd"]
[Black "Knuth, Hannes"]
[Result "0-1"]
[WhiteElo "2167"]
[BlackElo "2257"]
[PlyCount "98"]
[EventDate "2010.04.01"]
[EventType "swiss"]
[EventRounds "9"]
[EventCountry "GER"]
[SourceTitle "EXT 2022"]
[Source "ChessBase"]
[SourceDate "2021.10.06"]
[SourceVersion "1"]
[SourceVersionDate "2021.10.06"]
[SourceQuality "1"]

1. e4 Nf6 2. e5 Nd5 3. c4 Nb6 4. d4 d6 5. f4 Bf5 6. Nf3 e6 7. Nc3 Nc6 8. d5 Nb4 9. Nd4 dxe5 10. Nxf5 exf5 11. a3 Na6 12. fxe5 Qe7 13. Be2 Qxe5 14. 0-0 Bc5+ 15. Kh1 0-0 16. Qc2 g6 17. Bf4 Qf6 18. b4 Bd6 19. Rad1 Bxf4 20. Rxf4 Qe5 21. Rfd4 Nb8 22. c5 Nc8 23. Bf3 Nd7 24. R4d2 a5 25. Re2 Qf4 26. Nb5 axb4 27. axb4 Ne5 28. Qd2 Qxd2 29. Rexd2 c6 30. Nd4 Nxf3 31. Nxf3 cxd5 32. Rxd5 Na7 33. h3 Nb5 34. Rd7 Nc3 35. Re1 Ne4 36. Rxb7 Rab8 37. Rxb8 Rxb8 38. Rc1 Nf2+ 39. Kg1 Nd3 40. Rc3 Nxb4 41. c6 Rc8 42. Nd4 Kf8 43. Rc4 Nd5 44. Nb5 Nc7 45. Nd4 Ke7 46. Kf2 Kd6 47. Nf3 Ne6 48. Rh4 h5 49. Rc4 Nc5 0-1

[Event "Mecklenburg VP-ch"]
[Site "Nakenstorf"]
[Date "2010.04.03"]
[Round "5.1"]
[White "Roehl, Rainer"]
[Black "Knuth, Hannes"]
[Result "0-1"]
[WhiteElo "2182"]
[BlackElo "2257"]
[PlyCount "98"]
[EventDate "2010.04.01"]
[EventType "swiss"]
[EventRounds "9"]
[EventCountry "GER"]
[SourceTitle "EXT 2022"]
[Source "ChessBase"]
[SourceDate "2021.10.06"]
[SourceVersion "1"]
[SourceVersionDate "2021.10.06"]
[SourceQuality "1"]

1. e4 c5 2. Nc3 Nc6 3. f4 g6 4. Nf3 Bg7 5. Bb5 Nd4 6. 0-0 a6 7. Bc4 d6 8. Nxd4 cxd4 9. Ne2 Nf6 10. d3 d5 11. exd5 Nxd5 12. Qe1 0-0 13. Qf2 Ne3 14. Bxe3 dxe3 15. Qxe3 Bxb2 16. Rae1 b5 17. Qf3 Rb8 18. Bb3 a5 19. f5 Bxf5 20. Ng3 Qd4+ 21. Kh1 Bg4 22. Bxf7+ Kg7 23. Qd5 Qxd5 24. Bxd5 Rxf1+ 25. Nxf1 e6 26. Ne3 Bc3 27. Rb1 exd5 28. Nxg4 Re8 29. h4 b4 30. Rf1 h6 31. Rf3 Re1+ 32. Kh2 Ra1 33. Ne3 Be5+ 34. Kh3 Rxa2 35. Nxd5 Rxc2 36. Re3 Bd4 37. Re7+ Kf8 38. Rb7 Rc5 39. Nf4 Rc6 40. Ne2 Bb6 41. d4 Rd6 42. d5 a4 43. Kg4 a3 44. Nc1 Be3 45. Nb3 Rb6 46. Ra7 Rf6 47. Rb7 Rf4+ 48. Kg3 Rc4 49. d6 Bf4+ 0-1

[Event "Mecklenburg VP-ch"]
[Site "Nakenstorf"]
[Date "2010.04.02"]
[Round "4.1"]
[White "Knuth, Hannes"]
[Black "Moeller, Peter"]
[Result "1-0"]
[WhiteElo "2257"]
[BlackElo "2150"]
[PlyCount "85"]
[EventDate "2010.04.01"]
[EventType "swiss"]
[EventRounds "9"]
[EventCountry "GER"]
[SourceTitle "EXT 2022"]
[Source "ChessBase"]
[SourceDate "2021.10.06"]
[SourceVersion "1"]
[SourceVersionDate "2021.10.06"]
[SourceQuality "1"]

1. d4 d6 2. Nf3 g6 3. g3 Bg7 4. Bg2 Nd7 5. h4 Ngf6 6. b3 c5 7. Bb2 Qa5+ 8. Nfd2 cxd4 9. Bxd4 Ne5 10. c4 Rb8 11. a4 Bd7 12. Bc3 Qc7 13. Na3 a6 14. 0-0 Bc6 15. Bxc6+ Qxc6 16. Rc1 h6 17. Nc2 g5 18. e4 Qc8 19. Bxe5 dxe5 20. h5 Qh3 21. Ne3 Rd8 22. Qe2 Qxh5 23. Qxh5 Nxh5 24. Rfd1 e6 25. c5 Rd3 26. Ndc4 Rxb3 27. Nd6+ Ke7 28. Rb1 Rxb1 29. Rxb1 Rb8 30. Nec4 Kd7 31. Nxf7 Nf6 32. Ncxe5+ Kc7 33. Rd1 Bf8 34. Nd6 Rd8 35. Nef7 Rb8 36. Rb1 Nd7 37. e5 Kc6 38. Nxb7 Kc7 39. c6 Kxc6 40. Nbd8+ Kc7 41. Nxe6+ Kc8 42. Rc1+ Kb7 43. Rc7+ 1-0

[Event "Mecklenburg VP-ch"]
[Site "Nakenstorf"]
[Date "2010.04.02"]
[Round "3.1"]
[White "Stubbe, Wilko"]
[Black "Knuth, Hannes"]
[Result "1/2-1/2"]
[WhiteElo "2149"]
[BlackElo "2257"]
[PlyCount "83"]
[EventDate "2010.04.01"]
[EventType "swiss"]
[EventRounds "9"]
[EventCountry "GER"]
[SourceTitle "EXT 2022"]
[Source "ChessBase"]
[SourceDate "2021.10.06"]
[SourceVersion "1"]
[SourceVersionDate "2021.10.06"]
[SourceQuality "1"]

1. e4 c5 2. Nf3 Nc6 3. Bb5 e6 4. 0-0 Nge7 5. c3 a6 6. Ba4 b5 7. Bc2 Bb7 8. d3 d5 9. exd5 Nxd5 10. Nbd2 Be7 11. Ne4 h6 12. d4 cxd4 13. Nxd4 Nxd4 14. Qxd4 Nf6 15. Nxf6+ Bxf6 16. Qg4 h5 17. Qe2 Qd5 18. f3 0-0 19. Bf4 Rfd8 20. Be4 Qc5+ 21. Be3 Qc7 22. Bxb7 Qxb7 23. Rfd1 b4 24. cxb4 Qxb4 25. Rxd8+ Rxd8 26. Qxa6 Qxb2 27. Re1 Bd4 28. Bxd4 Rxd4 29. Re2 Rd1+ 30. Kf2 Qd4+ 31. Kg3 g5 32. Qa8+ Kg7 33. Qe4 Qxe4 34. Rxe4 Rd2 35. a4 Ra2 36. h4 Kg6 37. hxg5 Kxg5 38. Re5+ Kg6 39. a5 h4+ 40. Kh3 Ra4 41. Re4 Rxa5 42. Kxh4 1/2-1/2

[Event "Mecklenburg VP-ch"]
[Site "Nakenstorf"]
[Date "2010.04.01"]
[Round "2.1"]
[White "Knuth, Hannes"]
[Black "Gebert Vangeel, Ralf"]
[Result "1-0"]
[WhiteElo "2257"]
[BlackElo "2040"]
[PlyCount "73"]
[EventDate "2010.04.01"]
[EventType "swiss"]
[EventRounds "9"]
[EventCountry "GER"]
[SourceTitle "EXT 2022"]
[Source "ChessBase"]
[SourceDate "2021.10.06"]
[SourceVersion "1"]
[SourceVersionDate "2021.10.06"]
[SourceQuality "1"]

1. d4 d5 2. c4 c6 3. Nc3 e6 4. e4 dxc4 5. Bxc4 b5 6. Bb3 Bb7 7. Be3 Nf6 8. a3 Be7 9. Nf3 Nbd7 10. 0-0 0-0 11. h4 a6 12. e5 Nd5 13. Nxd5 exd5 14. Bg5 c5 15. Bc2 g6 16. Qd2 Re8 17. Rae1 Bxg5 18. Nxg5 Nf8 19. dxc5 Qc7 20. Qd4 Rad8 21. b4 Bc8 22. h5 Ne6 23. Nxe6 Rxe6 24. hxg6 fxg6 25. Re3 Re7 26. f4 Qc6 27. Rg3 Rf7 28. f5 Rdf8 29. Bb3 Be6 30. f6 Rd8 31. Rf4 Kf8 32. Rh4 Ke8 33. Rd3 Rdd7 34. Qa1 a5 35. Rhd4 Qc7 36. Qe1 Qc6 37. Qd2 1-0

[Event "BL2-Nord 0910"]
[Site "Germany"]
[Date "2010.02.07"]
[Round "6.7"]
[White "Knuth, Hannes"]
[Black "Lampe, Dirk"]
[Result "1-0"]
[WhiteElo "2276"]
[BlackElo "2273"]
[PlyCount "80"]
[EventDate "2009.10.18"]
[EventType "team-tourn"]
[EventRounds "9"]
[EventCountry "GER"]
[SourceTitle "EXT 2011"]
[Source "ChessBase"]
[SourceDate "2010.11.26"]
[SourceVersion "1"]
[SourceVersionDate "2010.11.26"]
[SourceQuality "1"]
[WhiteTeam "Neukloster"]
[BlackTeam "Luebeck"]
[WhiteTeamCountry "GER"]
[BlackTeamCountry "GER"]

1. d4 Nf6 2. c4 g6 3. Nc3 Bg7 4. g3 0-0 5. Bg2 d6 6. Nf3 c6 7. 0-0 Qa5 8. h3 Be6 9. Qd3 Qa6 10. b3 d5 11. Ne5 Rd8 12. Bb2 dxc4 13. bxc4 Nbd7 14. Nxd7 Nxd7 15. d5 Nb6 16. Qc2 cxd5 17. Nxd5 Bxb2 18. Qxb2 Nxc4 19. Nxe7+ Kf8 20. Qf6 Nb6 21. e4 Nd7 22. Qh4 Qd6 23. Nd5 Bxd5 24. exd5 Kg8 25. Rab1 b6 26. Rfe1 Nc5 27. Re7 Rd7 28. Rbe1 Rxe7 29. Qxe7 Qxe7 30. Rxe7 a5 31. Kf1 Rd8 32. Ke2 Nd7 33. Kd3 Kf8 34. Re1 Rc8 35. f4 b5 36. d6 Rc4 37. Re7 Nc5+ 38. Ke3 Rc3+ 39. Kd4 Rc4+ 40. Ke5 Kg7 1-0